| 000 | 00509nam a2200205Ia 4500 | ||
|---|---|---|---|
| 008 | 170918s9999 xx 000 0 und d | ||
| 020 | _a9780590254960 | ||
| 050 | _bH177 1995 | ||
| 100 | _aHall, Kirsten | ||
| 245 | 2 | _aA bad, bad day / | |
| 245 | _cKirsten Hall ; illustrated by Laura Rader. | ||
| 260 | _aNew York : | ||
| 260 | _bScholastic, | ||
| 260 | _c1995 | ||
| 300 | _aunpaged : | ||
| 300 | _bcolored illustration ; | ||
| 300 | _c23cm. | ||
| 440 | _aMy first hello reader! | ||
| 500 | _aBR | ||
| 999 |
_c340962 _d340962 |
||